000 01123nam a22003737a 4500
001 0070144
003 KOHA_MİRAKIL
005 20260207004913.0
007 ta
008 231215b2023 tu |||gr||||#0|||1|tur |
020 _a9786051850399
040 _aTR-BiSEU
_btur
_cTR-BiSEU
_erda
041 0 _atur
044 _ctu
050 _aPL221
_b.M37 2023
100 1 _aMarmara, Nilgün.
245 1 _aKağıtlar/
_cNilgün Marmara ; Nilgün Marmara.
250 _a6. Basım
264 1 _aİstanbul :
_bEverest Yayınları
_c2023
300 _a150 sayfa: resimli; 23 cm.
336 _ametin
_btxt
_2rdacontent
337 _aaracısız
_bn
_2rdamedia
338 _acilt
_bnc
_2rdacarrier
490 1 _aYayın No ;
_v1561.
490 1 _aTürkçe Edebiyatı ;
_v594
650 0 _aTürk edebiyatı--Şiir.
_98346
650 0 _aŞairler, Türk--20. yüzyıl.
_9136578
650 0 _aTurkish literature--Poetry.
_98421
650 0 _aPoets, Turkish--20. century.
_9136579
830 1 _aYayın No ;
_v1561.
_91861
830 1 _aTürkçe Edebiyatı ;
_v594
_9107302
907 _aDil ve Edebiyat
942 _2lcc
_cBK
999 _c70892
_d70892